Joventut i polítiques de joventut : 25 aportacions 25 aportacions
ISBN:
978-84-9803-256-7
Publicado:
Barcelona :
Diputació de Barcelona. Àrea d'Igualtat i Ciutadania. Oficina del Pla Jove ,
2007
Descripción Física:
193 p. , 30 cm
Materias:
Política de la joventut
MARC
| LEADER | 00000nam a2200000Ia 4500 | ||
|---|---|---|---|
| 001 | 19949 | ||
| 008 | 160829s2007 xx 000 0 cat d | ||
| 020 | |a 978-84-9803-256-7 | ||
| 080 | |a S-1-15 | ||
| 245 | |a Joventut i polítiques de joventut : |b 25 aportacions | ||
| 260 | |a Barcelona : |b Diputació de Barcelona. Àrea d'Igualtat i Ciutadania. Oficina del Pla Jove, |c 2007 | ||
| 300 | |a 193 p. , 30 cm | ||
| 490 | |a Documents de treball. Igualtat i Ciutadania ; 9 | ||
| 590 | |a Referències bibliogràfiques a cada capítol | ||
| 650 | 0 | |a Política de la joventut |9 20537 | |
| 710 | 1 | |a Barcelona (Catalunya : Província). |b Oficina del Pla Jove |9 52707 | |
| 901 | |a Arxiu | ||
| 942 | |n 1 | ||
| 952 | |0 0 |1 0 |4 0 |6 S115 |7 1 |9 51837 |a Arxiu |b Arxiu |d 2016-12-01 |l 0 |o S-1-15 |p 19949 |r 2016-12-01 00:00:00 |w 2016-12-01 |y ARXIU | ||
| 999 | |c 55683 |d 55683 | ||